Homenaje de la Diputación a Prat de la Riba
Publicado:
San Jorge, núm. 67 - 68 (2n semestre 1967), pàg 113 - 118 :
MARC
| LEADER | 00000nam a2200000Ia 4500 | ||
|---|---|---|---|
| 008 | 160829s9999 xx 000 0 cat d | ||
| 245 | |a Homenaje de la Diputación a Prat de la Riba | ||
| 260 | |a San Jorge, núm. 67 - 68 (2n semestre 1967), pàg 113 - 118 | ||
| 600 | 0 | |a Prat de la Riba, Enric, |d 1870-1917 |9 25299 | |
| 600 | 0 | |a Muller i d'Abadal, Josep M., |d 1919-1981 |9 28922 | |
| 600 | 1 | 0 | |a Díaz-Plaja, Guillermo, |d 1909-1984 |9 20224 |
| 610 | 2 | 0 | |a Biblioteca Central (Barcelona, Catalunya) |v Exposicions |9 54534 |
| 901 | |a Arxiu | ||
| 942 | |n 1 |2 udc | ||
| 952 | |0 0 |1 0 |4 0 |7 1 |9 49725 |a Arxiu |b Arxiu |d 2016-12-01 |l 0 |r 2016-12-01 00:00:00 |w 2016-12-01 |y ARXIU | ||
| 999 | |c 53567 |d 53567 | ||